000 00486nam a2200181Ia 4500
005 20250923144805.0
008 008 250917s9999 xx 000 0 eng d
037 _aTextual
040 _aDSWL
_beng
_cDSWL
041 _aeng
_2eng
084 _aYX;1:2d,N20
_qDSWL
245 0 _aFirst report of the servants of the people society-Lahore
260 _aLahore
_b.
_c1927
365 _aINR
_b3
925 _g3
942 _cTEXL
_hYX;1:2d,N20
999 _c1443386
_d1443386